Estatísticas para Maiores estados do Brasil por extensão

Clique aqui para jogar o quiz

Estatísticas Gerais

  • Esse quiz foi jogado 63 vezes
  • A pontuação média é 19 de 27

Estatísticas das Respostas

areaestado% Correto
1570,7amazonas
100%
1247,6para
100%
903,3mato grosso
98%
564,6bahia
96%
587,5minas gerais
96%
340goias
91%
357,1mato grosso do sul
91%
332maranhão
82%
281,7rio grande do sul
76%
277,6tocantins
71%
251,5piaui
67%
248,2sao paulo
64%
21,9sergipe
64%
5,8distrito federal
62%
27,7alagoas
60%
237,5rondonia
60%
224,2roraima
58%
152,5acre
56%
199,3parana
56%
43,6rio de janeiro
56%
148,8ceara
53%
52,8rio grande do norte
53%
46espirito santo
51%
56,4paraiba
51%
98,3pernambuco
51%
95,3santa catarina
51%
142,8amapa
49%

Distribuição das Pontuações

Percentil de Números Respondidos

Porcentagem de Pessoas com Cada Pontuação

Sua Pontuação Histórica

Você não jogou esse quiz